Visualizzazione normale
Vista MARC
- Loussier Jacques
di Personal Name
Records bibliografici associati: 1
001 - CONTROL NUMBER
- control field: 19358
003 - CONTROL NUMBER IDENTIFIER
- control field: IT-RoPau
005 - DATE AND TIME OF LATEST TRANSACTION
- control field: 20140407223726.0
008 - FIXED-LENGTH DATA ELEMENTS
- fixed length control field: 140407|| aca||aabn | a|a d
040 ## - CATALOGING SOURCE
- Original cataloging agency: IT-RoPau
- Transcribing agency: IT-RoPau
100 ## - HEADING--PERSONAL NAME
- Personal name: Loussier Jacques
- Miscellaneous information: Codice interprete SPICS: 16467
- Relator term: Interprete
670 ## - SOURCE DATA FOUND
- Source citation: Work cat.: (IT-RoPau)99081: Bach Johann Sebastian 19353, Basically Bach